[Event "Treviso op-A 3rd"]
[Site "Treviso"]
[Date "2019.03.31"]
[Round "4.3"]
[White "Carini, Massimo"]
[Black "Passon, Stefano"]
[Result "1/2-1/2"]
[WhiteElo "1980"]
[BlackElo "1728"]
[PlyCount "96"]
[EventDate "2019.03.29"]
[EventType "swiss"]
[EventRounds "5"]
[EventCountry "ITA"]
[SourceTitle "EXT 2024"]
[Source "ChessBase"]
[SourceDate "2023.10.10"]
[SourceVersion "1"]
[SourceVersionDate "2023.10.10"]
[SourceQuality "1"]

1. e4 e5 2. Nf3 Nc6 3. d4 exd4 4. Nxd4 Nf6 5. Nxc6 bxc6 6. Bd3 d5 7. exd5 cxd5 8. 0-0 Be7 9. b3 0-0 10. Bb2 a5 11. Nc3 Ba6 12. Bxa6 Rxa6 13. Qd3 Re6 14. Rae1 Rxe1 15. Rxe1 c6 16. h3 Re8 17. Na4 h6 18. Qg3 Bf8 19. Rxe8 Nxe8 20. Bd4 Nd6 21. Bb6 Qf6 22. Qc3 Qxc3 23. Nxc3 Nb7 24. Ne2 Be7 25. Nd4 Bd8 26. Bxd8 Nxd8 27. Kf1 Kf8 28. Ke2 c5 29. Nf5 h5 30. Kd3 g6 31. Ne3 d4 32. Nc4 Nc6 33. c3 Ke7 34. cxd4 cxd4 35. a3 Ke6 36. Nxa5 Nxa5 37. b4 Nc6 38. b5 Na5 39. Kxd4 Kd6 40. a4 f6 41. g3 g5 42. Ke4 Ke6 43. Kd4 Kd6 44. Ke4 Ke6 45. g4 hxg4 46. hxg4 Nb7 47. Kd4 Kd6 48. Ke4 Ke6 1/2-1/2

[Event "Treviso op-A 3rd"]
[Site "Treviso"]
[Date "2019.03.30"]
[Round "2.5"]
[White "Carini, Massimo"]
[Black "Candian, Lorenzo"]
[Result "1-0"]
[WhiteElo "1980"]
[BlackElo "1749"]
[PlyCount "107"]
[EventDate "2019.03.29"]
[EventType "swiss"]
[EventRounds "5"]
[EventCountry "ITA"]
[SourceTitle "EXT 2024"]
[Source "ChessBase"]
[SourceDate "2023.10.10"]
[SourceVersion "1"]
[SourceVersionDate "2023.10.10"]
[SourceQuality "1"]

1. e4 e5 2. Nf3 Nf6 3. d4 Nxe4 4. Bd3 d5 5. Nxe5 Nd7 6. 0-0 Nxe5 7. dxe5 Nc5 8. f4 Nxd3 9. Qxd3 Bc5+ 10. Kh1 0-0 11. f5 Re8 12. Qg3 Bd4 13. Bg5 Bxe5 14. Qxe5 f6 15. Bxf6 gxf6 16. Qg3+ Kf7 17. Nc3 d4 18. Rad1 c5 19. Nb5 Re5 20. Rde1 a6 21. Rxe5 fxe5 22. f6 Bg4 23. Qxg4 axb5 24. Qg7+ Ke6 25. f7 Qf8 26. Qf6+ Kd5 27. Rf5 Qd6 28. Qxd6+ Kxd6 29. f8Q+ Rxf8 30. Rxf8 c4 31. Kg1 Kd5 32. Kf2 Ke4 33. Ke2 b4 34. Rb8 b3 35. axb3 cxb3 36. cxb3 d3+ 37. Kd2 Kd4 38. Rd8+ Ke4 39. Rxd3 b5 40. Rd7 b4 41. Rxh7 Kd4 42. Rd7+ Ke4 43. Rf7 Kd4 44. h4 e4 45. h5 e3+ 46. Ke2 Ke4 47. h6 Kd4 48. h7 Ke5 49. h8Q+ Ke6 50. Qe8+ Kd6 51. Rd7+ Kc6 52. Qc8+ Kb5 53. Rb7+ Ka5 54. Qa8# 1-0

[Event "Treviso op-A 3rd"]
[Site "Treviso"]
[Date "2019.03.30"]
[Round "3.3"]
[White "Rosina, Graziano"]
[Black "Carini, Massimo"]
[Result "1/2-1/2"]
[WhiteElo "1763"]
[BlackElo "1980"]
[PlyCount "34"]
[EventDate "2019.03.29"]
[EventType "swiss"]
[EventRounds "5"]
[EventCountry "ITA"]
[SourceTitle "EXT 2024"]
[Source "ChessBase"]
[SourceDate "2023.10.10"]
[SourceVersion "1"]
[SourceVersionDate "2023.10.10"]
[SourceQuality "1"]

1. Nf3 d5 2. d4 Nf6 3. Bf4 g6 4. e3 Bg7 5. Bd3 0-0 6. 0-0 Nbd7 7. Nbd2 b6 8. c3 Bb7 9. Re1 Ne4 10. Bxe4 dxe4 11. Ng5 e5 12. dxe5 Nxe5 13. Bxe5 Bxe5 14. Ngxe4 Bxe4 15. Nxe4 Bxh2+ 16. Kxh2 Qh4+ 17. Kg1 Qxe4 1/2-1/2

[Event "Treviso op-A 3rd"]
[Site "Treviso"]
[Date "2019.03.29"]
[Round "1.1"]
[White "Sforza, Michelangelo"]
[Black "Carini, Massimo"]
[Result "1/2-1/2"]
[WhiteElo "1837"]
[BlackElo "1980"]
[PlyCount "27"]
[EventDate "2019.03.29"]
[EventType "swiss"]
[EventRounds "5"]
[EventCountry "ITA"]
[SourceTitle "EXT 2024"]
[Source "ChessBase"]
[SourceDate "2023.10.10"]
[SourceVersion "1"]
[SourceVersionDate "2023.10.10"]
[SourceQuality "1"]

1. e4 e5 2. Nf3 Nf6 3. Nxe5 d6 4. Nf3 Nxe4 5. Nc3 Nxc3 6. dxc3 Be7 7. Bf4 0-0 8. Qd2 Nd7 9. 0-0-0 Nf6 10. Bd3 c6 11. Rhe1 Be6 12. c4 b5 13. Nd4 Bd7 14. cxb5 1/2-1/2

[Event "Padova op 11th"]
[Site "Padova"]
[Date "2008.12.13"]
[Round "1"]
[White "Carini, Massimo"]
[Black "Lodi, Paolo"]
[Result "1/2-1/2"]
[WhiteElo "2141"]
[BlackElo "1549"]
[PlyCount "73"]
[EventDate "2008.12.13"]
[EventType "swiss"]
[EventRounds "9"]
[EventCountry "ITA"]
[SourceTitle "CBM 127 Extra"]
[Source "ChessBase"]
[SourceDate "2009.01.08"]
[SourceVersion "2"]
[SourceVersionDate "2009.01.28"]
[SourceQuality "1"]

1. e4 e6 2. d4 d5 3. e5 c5 4. c3 Nc6 5. Nf3 Qb6 6. Be2 cxd4 7. cxd4 Bb4+ 8. Nc3 Nge7 9. a3 Bxc3+ 10. bxc3 Na5 11. Nd2 Qc7 12. Bb2 a6 13. 0-0 b5 14. Bd3 Ng6 15. f4 Nc4 16. Nxc4 dxc4 17. Be4 Bb7 18. Bxb7 Qxb7 19. a4 Nh4 20. Qg4 Nf5 21. Ba3 Ne3 22. Qf3 Qxf3 23. Rxf3 Nd5 24. Bd6 Kd7 25. Ra3 g6 26. Kf2 h5 27. Ke2 Nb6 28. a5 Nd5 29. g3 f5 30. h4 Rhc8 31. Kd2 Ra7 32. Bb4 Rb7 33. Ra1 Nxb4 34. cxb4 Kc6 35. Kc3 Rd7 36. Rd1 Rcd8 37. Rf2 1/2-1/2

[Event "Padova op-A 7th"]
[Site "Padova"]
[Date "2004.12.19"]
[Round "5"]
[White "Boscolo, Marco"]
[Black "Carini, Massimo"]
[Result "1/2-1/2"]
[WhiteElo "1993"]
[BlackElo "2041"]
[PlyCount "97"]
[EventDate "2004.12.11"]
[EventType "swiss"]
[EventRounds "6"]
[EventCountry "ITA"]
[SourceTitle "EXT 2024"]
[Source "ChessBase"]
[SourceDate "2023.10.10"]
[SourceVersion "1"]
[SourceVersionDate "2023.10.10"]
[SourceQuality "1"]

1. e4 e5 2. Nf3 Nf6 3. Nxe5 d6 4. Nf3 Nxe4 5. d4 d5 6. Bd3 Be7 7. 0-0 Nc6 8. c4 Nf6 9. h3 0-0 10. Nc3 Nb4 11. Be2 dxc4 12. Bxc4 Nbd5 13. Bg5 Nb6 14. Bb3 Nfd5 15. Bxe7 Nxe7 16. Qd2 Ned5 17. Rad1 c6 18. Ne5 Be6 19. f4 f5 20. Rfe1 Qf6 21. Nxd5 Bxd5 22. Bxd5+ cxd5 23. Rc1 Rac8 24. b3 Qd6 25. Qb2 Qb4 26. Nd3 Qd6 27. Ne5 Qb4 28. a3 Qd6 29. Rxc8 Rxc8 30. Rc1 Rc7 31. Kf2 Nd7 32. Rxc7 Qxc7 33. Nxd7 Qxd7 34. Qc3 Kf7 35. g3 b6 36. a4 a5 37. h4 g6 38. Qe3 Qc6 39. Kg2 Qc2+ 40. Kg1 Qb1+ 41. Kh2 Qc2+ 42. Kg1 Qb1+ 43. Kh2 Qe4 44. Qc3 Qe2+ 45. Kg1 Kg7 46. Qc7+ Kh6 47. Qd8 Qe3+ 48. Kg2 Qe4+ 49. Kh2 1/2-1/2

[Event "Padova op-A 7th"]
[Site "Padova"]
[Date "2004.12.18"]
[Round "4"]
[White "Carini, Massimo"]
[Black "Gennari, Leone"]
[Result "1-0"]
[WhiteElo "2041"]
[BlackElo "2079"]
[PlyCount "87"]
[EventDate "2004.12.11"]
[EventType "swiss"]
[EventRounds "6"]
[EventCountry "ITA"]
[SourceTitle "EXT 2024"]
[Source "ChessBase"]
[SourceDate "2023.10.10"]
[SourceVersion "1"]
[SourceVersionDate "2023.10.10"]
[SourceQuality "1"]

1. e4 e6 2. d4 d5 3. e5 c5 4. dxc5 Bxc5 5. Bd3 Nc6 6. Nf3 Nb4 7. Be2 Qc7 8. Nc3 a6 9. 0-0 Ne7 10. Bf4 Ng6 11. Bg3 0-0 12. Re1 Bd7 13. a3 Nc6 14. Bd3 b5 15. Ng5 Be7 16. Qh5 Bxg5 17. Qxg5 b4 18. Ne2 bxa3 19. bxa3 Nce7 20. h4 Bb5 21. h5 Bxd3 22. cxd3 h6 23. Rac1 Qa5 24. Qg4 Nh8 25. Bf4 Kh7 26. Rc3 Rac8 27. Rec1 Rxc3 28. Rxc3 Rb8 29. Qf3 Rb2 30. Rc1 Qxa3 31. Rc7 Rb1+ 32. Bc1 Qb4 33. d4 Rb3 34. Nc3 Nf5 35. g4 Qa5 36. Rc5 Qa1 37. gxf5 Qxc1+ 38. Kh2 Qd2 39. fxe6 fxe6 40. Rc7 Qg5 41. Qd3+ Qf5 42. Qxf5+ exf5 43. Nxd5 Kg8 44. Ne7+ 1-0

[Event "Padova op-A 7th"]
[Site "Padova"]
[Date "2004.12.12"]
[Round "3"]
[White "Belloni, Umberto"]
[Black "Carini, Massimo"]
[Result "1/2-1/2"]
[WhiteElo "1950"]
[BlackElo "2041"]
[PlyCount "91"]
[EventDate "2004.12.11"]
[EventType "swiss"]
[EventRounds "6"]
[EventCountry "ITA"]
[SourceTitle "EXT 2024"]
[Source "ChessBase"]
[SourceDate "2023.10.10"]
[SourceVersion "1"]
[SourceVersionDate "2023.10.10"]
[SourceQuality "1"]

1. d4 d5 2. f4 Bf5 3. Nf3 e6 4. e3 Nf6 5. Bd3 Bxd3 6. Qxd3 a6 7. Nbd2 Be7 8. 0-0 0-0 9. c3 Nbd7 10. Ng5 h6 11. Nh3 c5 12. Qe2 Nh7 13. Nf3 f5 14. Bd2 g5 15. Ne5 g4 16. Nxg4 fxg4 17. Qxg4+ Kh8 18. Qxe6 Ndf6 19. Nf2 Rg8 20. Qh3 Qf8 21. Rae1 Ne4 22. Re2 Nxf2 23. Rfxf2 Nf6 24. g3 Ng4 25. Rf1 Qf5 26. Qg2 Nf6 27. Be1 Rg7 28. Qf3 Rag8 29. Rff2 Ne4 30. Rg2 Ng5 31. Qf1 Nh3+ 32. Kh1 Qe4 33. Rd2 c4 34. Qe2 Rg4 35. b3 b5 36. bxc4 bxc4 37. Rb2 Bd8 38. Rb7 R4g6 39. Bd2 R6g7 40. Rb2 Kh7 41. Be1 Rg6 42. Qc2 Qf3 43. Qe2 Qe4 44. Qc2 Qf3 45. Qe2 Qe4 46. Qc2 1/2-1/2

[Event "Padova op 4th"]
[Site "Padova"]
[Date "2001.12.16"]
[Round "3"]
[White "Carini, Massimo"]
[Black "Dervishi, Erald"]
[Result "0-1"]
[WhiteElo "1872"]
[BlackElo "2501"]
[PlyCount "90"]
[EventDate "2001.12.15"]
[EventType "swiss"]
[EventRounds "6"]
[EventCountry "ITA"]
[SourceTitle "EXT 2024"]
[Source "ChessBase"]
[SourceDate "2023.10.10"]
[SourceVersion "1"]
[SourceVersionDate "2023.10.10"]
[SourceQuality "1"]

1. Nf3 Nf6 2. c4 e6 3. d4 d5 4. e3 b6 5. Nc3 Bb7 6. cxd5 exd5 7. Ne5 Bd6 8. Bd3 0-0 9. 0-0 Nbd7 10. f4 a6 11. Qf3 Re8 12. g4 Nf8 13. g5 N6d7 14. Nxd7 Qxd7 15. f5 c5 16. Bd2 Rad8 17. a4 Bb8 18. Be1 Qe7 19. Bf2 Qxg5+ 20. Kh1 Qh6 21. Qg2 Rd7 22. Rg1 f6 23. Rad1 Kh8 24. Be2 c4 25. Rdf1 Bc6 26. Nd1 Bxa4 27. Bg3 Bxg3 28. Qxg3 Bxd1 29. Bxd1 Qxe3 30. Re1 Qxg3 31. hxg3 Rc8 32. Re3 Kg8 33. Rge1 b5 34. Re7 b4 35. Bf3 c3 36. bxc3 bxc3 37. Rxd7 Nxd7 38. Bxd5+ Kf8 39. Bb7 Rc4 40. Bxa6 Rxd4 41. Rc1 Nc5 42. Be2 Ne4 43. Bf3 Nxg3+ 44. Kg2 Nxf5 45. Rxc3 Nh4+ 0-1

[Event "Padova Fornace op 4th"]
[Site "Padova"]
[Date "2001.12.15"]
[Round "1.14"]
[White "Carini, Massimo"]
[Black "Fragni, Enrico"]
[Result "1-0"]
[WhiteElo "1872"]
[BlackElo "1528"]
[PlyCount "113"]
[EventDate "2001.12.15"]
[EventType "swiss"]
[EventRounds "6"]
[EventCountry "ITA"]
[SourceTitle "EXT 2024"]
[Source "ChessBase"]
[SourceDate "2023.10.10"]
[SourceVersion "1"]
[SourceVersionDate "2023.10.10"]
[SourceQuality "1"]

1. Nf3 d6 2. c3 Bg4 3. Qa4+ Qd7 4. Qb3 Bxf3 5. exf3 c6 6. d4 Nf6 7. Bd3 Qe6+ 8. Qxe6 fxe6 9. 0-0 Nbd7 10. f4 g6 11. Re1 Kf7 12. Nd2 Bg7 13. Nf3 h6 14. Bd2 Rhg8 15. Re2 Nf8 16. Rae1 Re8 17. Nh4 Bh8 18. b4 b5 19. a4 a6 20. axb5 axb5 21. Ra1 g5 22. fxg5 hxg5 23. Nf3 g4 24. Ng5+ Rxg5 25. Bxg5 Nd5 26. Bd2 c5 27. bxc5 dxc5 28. Bxb5 Rc8 29. Rc1 cxd4 30. cxd4 Rb8 31. Bc4 Nb6 32. Bd3 Bxd4 33. Bf4 Ra8 34. Be5 Bxe5 35. Rxe5 Nd5 36. Be4 Rd8 37. Rd1 Kf6 38. Rh5 Rd6 39. Bxd5 exd5 40. Rhxd5 Ke6 41. Rxd6+ exd6 42. Rd4 Ng6 43. Rxg4 Ne5 44. Rd4 Nc6 45. Rd1 Ne5 46. h4 Nf7 47. g4 Ke5 48. Kg2 Kf4 49. f3 Ke5 50. Kg3 Nh6 51. f4+ Ke6 52. f5+ Ke5 53. Re1+ Kd5 54. Kf4 Nf7 55. g5 Kd4 56. g6 Nh6 57. f6 1-0

[Event "Padova op-B 3rd"]
[Site "Padova"]
[Date "2000.12.10"]
[Round "5.10"]
[White "Tomio, Dante"]
[Black "Carini, Massimo"]
[Result "0-1"]
[WhiteElo "1635"]
[BlackElo "1881"]
[PlyCount "74"]
[EventDate "2000.12.02"]
[EventType "swiss"]
[EventRounds "6"]
[EventCountry "ITA"]
[SourceTitle "EXT 2024"]
[Source "ChessBase"]
[SourceDate "2023.10.10"]
[SourceVersion "1"]
[SourceVersionDate "2023.10.10"]
[SourceQuality "1"]

1. d4 d5 2. e3 c6 3. Bd3 Nd7 4. f4 e6 5. Nf3 f5 6. Nbd2 Bd6 7. Qe2 Ngf6 8. c3 Ne4 9. Bc2 Ndf6 10. Nxe4 Nxe4 11. Rg1 Bd7 12. h3 Qe7 13. g4 0-0-0 14. g5 g6 15. Bd2 Kb8 16. b4 h6 17. gxh6 Rxh6 18. Bxe4 dxe4 19. Ng5 Qe8 20. Rg3 Be7 21. Qg2 Bxg5 22. Rxg5 Qf7 23. 0-0-0 e5 24. Kb1 exf4 25. exf4 Be8 26. Qf1 Qd5 27. Be3 Bf7 28. Rd2 a5 29. Rc2 axb4 30. cxb4 Kc7 31. Rg3 Ra8 32. Qe2 Ra4 33. Qd2 Qb5 34. Rb2 Rh8 35. d5 Rd8 36. Bc5 Rxd5 37. Qc3 Rd1+ 0-1

[Event "Padova op-B 3rd"]
[Site "Padova"]
[Date "2000.12.09"]
[Round "4.16"]
[White "Carini, Massimo"]
[Black "Broccardo, Nicola"]
[Result "1-0"]
[WhiteElo "1881"]
[BlackElo "1537"]
[PlyCount "85"]
[EventDate "2000.12.02"]
[EventType "swiss"]
[EventRounds "6"]
[EventCountry "ITA"]
[SourceTitle "EXT 2024"]
[Source "ChessBase"]
[SourceDate "2023.10.10"]
[SourceVersion "1"]
[SourceVersionDate "2023.10.10"]
[SourceQuality "1"]

1. e4 d6 2. d4 Nf6 3. Nc3 g6 4. Be3 Bg7 5. h3 a6 6. f4 b5 7. e5 dxe5 8. dxe5 Qxd1+ 9. Rxd1 Nh5 10. Nd5 0-0 11. Nxc7 Ra7 12. Bxa7 Nc6 13. Be3 Ng3 14. Rh2 Bf5 15. Bd3 Bxd3 16. cxd3 a5 17. Bf2 Nf5 18. Nxb5 Rb8 19. a4 e6 20. Ne2 Bf8 21. Nec3 Bb4 22. g4 Nfe7 23. Kf1 Bxc3 24. Nxc3 Rxb2 25. Bg1 Rb3 26. Ne4 Nd5 27. Nf6+ Nxf6 28. exf6 Ra3 29. Rc2 Rxa4 30. Rxc6 Rxf4+ 31. Ke2 h6 32. Rf1 Rb4 33. Rc8+ Kh7 34. Rf8 Rb7 35. Ra1 g5 36. Rxa5 Rb2+ 37. Kf3 Kg6 38. Rg8+ Kxf6 39. Bd4+ e5 40. Bxb2 h5 41. Rxe5 hxg4+ 42. Ke4 gxh3 43. Ree8# 1-0

[Event "Padova op-B 3rd"]
[Site "Padova"]
[Date "2000.12.03"]
[Round "3.7"]
[White "Marson, Luca"]
[Black "Carini, Massimo"]
[Result "1-0"]
[WhiteElo "1666"]
[BlackElo "1881"]
[PlyCount "125"]
[EventDate "2000.12.02"]
[EventType "swiss"]
[EventRounds "6"]
[EventCountry "ITA"]
[SourceTitle "EXT 2024"]
[Source "ChessBase"]
[SourceDate "2023.10.10"]
[SourceVersion "1"]
[SourceVersionDate "2023.10.10"]
[SourceQuality "1"]

1. e4 d5 2. exd5 Qxd5 3. Nc3 Qa5 4. d4 Nf6 5. Nf3 Nc6 6. Bb5 Ne4 7. Bxc6+ bxc6 8. 0-0 Nxc3 9. bxc3 e6 10. Bd2 f6 11. Re1 Qh5 12. Qe2 Be7 13. Qe4 Qd5 14. Rab1 Qxe4 15. Rxe4 Kf7 16. c4 Ba6 17. c5 Rab8 18. Ree1 Rhc8 19. Rb4 Rxb4 20. Bxb4 Rb8 21. Bc3 Bc4 22. a4 Bd5 23. Nd2 e5 24. Rb1 Rxb1+ 25. Nxb1 exd4 26. Bxd4 Be4 27. Na3 Ke6 28. f3 Bg6 29. c4 Kd7 30. Kf2 Kc8 31. Ke2 Kb7 32. Kd2 Ka6 33. Kc3 Ka5 34. Kb3 Bd3 35. Bc3+ Ka6 36. Kb4 h5 37. f4 g5 38. fxg5 fxg5 39. Be5 Kb7 40. Bd4 Be4 41. g3 h4 42. gxh4 gxh4 43. Kb3 Bg5 44. Nc2 Bf4 45. Bg1 Bf3 46. Nd4 Bd1+ 47. Nc2 Ka6 48. h3 Ka5 49. Bd4 Bxc2+ 50. Kxc2 Kxa4 51. Bc3 Be3 52. Be1 Bxc5 53. Bxh4 Kb4 54. Kd3 a5 55. Be1+ Ka4 56. h4 Bf8 57. h5 c5 58. Bd2 Kb3 59. Bxa5 c6 60. Bd2 Bg7 61. h6 Bf6 62. h7 Bg7 63. Bf4 1-0

[Event "Padova op-B 2nd"]
[Site "Padova"]
[Date "1999.12.11"]
[Round "1.1"]
[White "Pastore, Mauro"]
[Black "Carini, Massimo"]
[Result "0-1"]
[WhiteElo "1612"]
[BlackElo "1890"]
[PlyCount "70"]
[EventDate "1999.12.11"]
[EventType "swiss"]
[EventRounds "6"]
[EventCountry "ITA"]
[SourceTitle "EXT 2024"]
[Source "ChessBase"]
[SourceDate "2023.10.10"]
[SourceVersion "1"]
[SourceVersionDate "2023.10.10"]
[SourceQuality "1"]

1. d4 d5 2. c4 c6 3. cxd5 cxd5 4. Nc3 Nf6 5. Bf4 Nc6 6. e3 a6 7. Nf3 Bg4 8. Be2 e6 9. Ne5 Bxe2 10. Qxe2 Nxe5 11. Bxe5 Be7 12. 0-0 0-0 13. Rac1 Nd7 14. Bg3 f5 15. Rc2 Rc8 16. Rfc1 Nb6 17. Nb1 Rxc2 18. Rxc2 Qd7 19. h3 Rc8 20. Rxc8+ Qxc8 21. Nc3 Bb4 22. Qh5 Bxc3 23. bxc3 Na4 24. Be5 Nxc3 25. Qg5 Qd7 26. a3 b5 27. h4 a5 28. h5 h6 29. Qg6 b4 30. axb4 axb4 31. Bxg7 Qxg7 32. Qxe6+ Qf7 33. Qxh6 f4 34. Qg5+ Kh7 35. Kf1 b3 0-1

[Event "Secondario 15th"]
[Site "Caorle"]
[Date "1990.07.14"]
[Round "8.29"]
[White "Carini, Massimo"]
[Black "Weinberg, Emanuele"]
[Result "0-1"]
[WhiteElo "1785"]
[BlackElo "1899"]
[PlyCount "66"]
[EventDate "1990.07.07"]
[EventType "swiss"]
[EventRounds "8"]
[EventCountry "ITA"]
[SourceTitle "EXT 2023"]
[Source "ChessBase"]
[SourceDate "2022.10.05"]
[SourceVersion "1"]
[SourceVersionDate "2022.10.05"]
[SourceQuality "1"]

1. d4 Nf6 2. c4 c5 3. d5 b5 4. cxb5 a6 5. e3 axb5 6. Bxb5 Qb6 7. Nc3 g6 8. Nge2 Bg7 9. a4 0-0 10. 0-0 d6 11. Ng3 Na6 12. e4 Bd7 13. Re1 Nc7 14. Bxd7 Nxd7 15. Nf1 Ne5 16. f4 Nc4 17. Qe2 Qb3 18. Nd2 Nxd2 19. Qxd2 Rfd8 20. Ra3 Qb7 21. Qe2 Qb4 22. Qd1 Bd4+ 23. Kh1 Ra7 24. Bd2 Qb7 25. Qa1 Rb8 26. Qa2 Raa8 27. Rb1 Qa6 28. Nb5 Nxb5 29. axb5 Qb7 30. b6 Rxa3 31. bxa3 Qa6 32. a4 Rxb6 33. a5 Rb2 0-1

[Event "Secondario 15th"]
[Site "Caorle"]
[Date "1990.07.10"]
[Round "4.18"]
[White "Carini, Massimo"]
[Black "Nikolic, Dragovan"]
[Result "1/2-1/2"]
[WhiteElo "1785"]
[BlackElo "2000"]
[PlyCount "79"]
[EventDate "1990.07.07"]
[EventType "swiss"]
[EventRounds "8"]
[EventCountry "ITA"]
[SourceTitle "EXT 2023"]
[Source "ChessBase"]
[SourceDate "2022.10.05"]
[SourceVersion "1"]
[SourceVersionDate "2022.10.05"]
[SourceQuality "1"]

1. d4 Nf6 2. c4 c5 3. d5 b5 4. cxb5 a6 5. e3 g6 6. Nc3 Bg7 7. a4 0-0 8. Bc4 d6 9. Nge2 Nbd7 10. Ra3 Nb6 11. Ba2 axb5 12. Nxb5 Ba6 13. Nec3 Qc8 14. h3 Ne8 15. 0-0 f5 16. f4 Nc7 17. Re1 Bf6 18. e4 Nxa4 19. Nxd6 exd6 20. Rxa4 Bd4+ 21. Rxd4 cxd4 22. Qxd4 Nb5 23. Nxb5 Bxb5 24. Bb3 Ra1 25. Bd2 Rxe1+ 26. Bxe1 fxe4 27. Bc3 Qc5 28. Qxc5 dxc5 29. d6+ c4 30. Bd1 Rd8 31. Be5 Kf7 32. Kf2 Ke6 33. Ke3 Kd5 34. Bc2 Bd7 35. Bxe4+ Kc5 36. g4 Rf8 37. Bc3 Re8 38. Be5 Rf8 39. Bc3 Rb8 40. Bd4+ 1/2-1/2

[Event "Secondario 15th"]
[Site "Caorle"]
[Date "1990.07.07"]
[Round "1.44"]
[White "Orlando, Luigi"]
[Black "Carini, Massimo"]
[Result "0-1"]
[WhiteElo "1927"]
[BlackElo "1785"]
[PlyCount "90"]
[EventDate "1990.07.07"]
[EventType "swiss"]
[EventRounds "8"]
[EventCountry "ITA"]
[SourceTitle "EXT 2023"]
[Source "ChessBase"]
[SourceDate "2022.10.05"]
[SourceVersion "1"]
[SourceVersionDate "2022.10.05"]
[SourceQuality "1"]

1. e4 e5 2. Nf3 Nc6 3. Bb5 a6 4. Bxc6 dxc6 5. 0-0 f6 6. d4 exd4 7. Nxd4 c5 8. Nb3 Qxd1 9. Rxd1 Bg4 10. f3 Be6 11. Be3 b6 12. Nc3 Bd6 13. a4 Ne7 14. a5 Bxb3 15. cxb3 b5 16. Ne2 Nc6 17. Nf4 Bxf4 18. Bxf4 Nd4 19. Bxc7 Nxb3 20. Rab1 0-0 21. Rd5 Rfc8 22. Bb6 c4 23. Rbd1 Kf8 24. Kf2 b4 25. Be3 c3 26. bxc3 bxc3 27. Rb1 Rab8 28. Rd3 Ke8 29. Ke1 Nc5 30. Rxb8 Nxd3+ 31. Ke2 Rxb8 32. Kxd3 Rb2 33. Kxc3 Rxg2 34. Kb4 Kd7 35. Kc5 Kc7 36. Kd5 h5 37. Ke6 Kc6 38. e5 fxe5 39. Kxe5 Rxh2 40. Kf5 Re2 41. Bg5 Kb5 42. Bd8 Kc6 43. Bg5 Kd7 44. f4 Ke8 45. Kg6 h4 0-1